El México que yo sentí, 1896-1960 : Testimonios de un espectador de buena fe /
Julio Jiménez Rueda (1896-1960) nació y murió en el Distrito Federal. Se graduó en derecho y doctor en letras por la Universidad Nacional de México, donde fue también profesor desde 1915, además de director de la escuela de arte teatral (1917-1920) y la de Verano (1928-32, asís como director de la f...
Guardado en:
| Autor principal: | |
|---|---|
| Otros autores: | |
| Formato: | Libro |
| Idioma: | Español |
| Publicado: |
México :
CONACULTA,
2001, c2001
|
| Colección: | (Memorias Mexicanas)
|
| Temas: | |
| Etiquetas: |
Sin etiquetas, Sé el primero en etiquetar este registro!
|
MARC
| LEADER | 00000nam^a2200000^a^4500 | ||
|---|---|---|---|
| 001 | 000136662 | ||
| 005 | 20250521000000.0 | ||
| 009 | 20260310095326.365 | ||
| 022 | |a 970-18-7403 | ||
| 037 | |a Acervo ITESO - Biblioteca | ||
| 041 | |a ESP | ||
| 082 | |a 860. 92 |b JIM | ||
| 100 | |a Jiménez Rueda, Julio |e (autor) | ||
| 245 | 1 | 3 | |a El México que yo sentí, 1896-1960 : |b Testimonios de un espectador de buena fe / |c J. Jiménez Rueda ; ed. de G. Sheridan. |
| 264 | 4 | |a México : |b CONACULTA, |c 2001, c2001 | |
| 300 | |a 257 p. | ||
| 336 | |a texto |b txt |2 rdacontenido | ||
| 337 | |a sin mediación |b n |2 rdamedio | ||
| 338 | |a volumen |b nc |2 rdasoporte | ||
| 440 | 1 | |a (Memorias Mexicanas) | |
| 520 | |a Julio Jiménez Rueda (1896-1960) nació y murió en el Distrito Federal. Se graduó en derecho y doctor en letras por la Universidad Nacional de México, donde fue también profesor desde 1915, además de director de la escuela de arte teatral (1917-1920) y la de Verano (1928-32, asís como director de la facultad de filosofía y letras (1943-44, y 1953-54). Tuvo otros cargos públicos tales como secretario de las embajadas mexicanas en Uruguay (1920) y en Argentina (1921-1922). Fue autor de crónicas, cuentos, novelas y biografías: Cuentos y diálogos (1918), Moisén (novela, 1924), la desventura del conde Kadski (1935), Vidas reales que parecen imaginarias (1947); teatro: Balada de Navidad (1918), Tempestad sobre las cumbres (1923), Lo que ella no pudo prever (1923), La silueta de humo (1927), Toque de Diana (1928) y de los ensayos Resúmenes de la literatura mexicana (1918), Historia de la literatura mexicana (1928), Herejías y supersticiones de la Nueva España (1946), Historia de la cultura en México (1950). Por otra parte, fue miembro, desde 1935, de la Academia Mexicana (de la lengua) y en 1954 ingresó en la Academia Mexicana de la Historia. | ||
| 649 | |a XX | ||
| 650 | |a Escritores Mexicanos - |x Memorias | ||
| 650 | |a Literatura Mexicana - |y Siglo XX | ||
| 650 | |a Jiménez Rueda, Julio | ||
| 700 | |a Sheridan, Guillermo |e (edición) | ||
| 910 | |a Fondo General | ||
| 920 | |a Impresos - Libros | ||
| 930 | |a Colección General | ||
| 940 | |a Literatura | ||
| 905 | |a 101 | ||
| 901 | |a 0500065430 |b IT1 |c LIT |u 20250521 | ||
| 902 | |a https://opac.biblio.iteso.mx/vufind/Record/000136662 | ||